Logo BPK

Biblioteka

Politechniki Koszalińskiej

XVIII [osiemnasty] Sympozjon Podstaw Konstrukcji Maszyn : (Rekord nr 31843)

Szczegóły MARC
000 -ETYKIETA REKORDU
podpole kontrolne o stałej długości 00816nam a2200217 i 4500
001 - NUMER KONTROLNY REKORDU
pole kontrolne bg
040 ## - ŹRÓDŁO KATALOGOWANIA
Instytucja, która utworzyła rekord BPK
041 0# - KOD JĘZYKA
Kod języka tekstu plru
Kod języka streszczenia lub abstraktu enplru
080 ## - UNIWERSALNA KLASYFIKACJA DZIESIĘTNA - UKD
UKD 621(061.3)
008 - POLE O STAŁEJ DŁUGOŚCI - DANE KONTROLNE
podpole kontrolne o stałej długości s pl f |000 0 pol
111 2# - NAZWA IMPREZY
Nazwa imprezy Sympozjon Podstaw Konstrukcji Maszyn
Oznaczenie części/sekcji/imprezy (18 ;
Data imprezy 1997 ;
Miejsce imprezy Kielce).
245 00 - TYTUŁ/ODPOWIEDZIALNOŚĆ
Tytuł XVIII [osiemnasty] Sympozjon Podstaw Konstrukcji Maszyn :
Ciąg dalszy tytułu Kielce-Ameliówka, 16-20 września 1997.
Oznaczenie części/sekcji dzieła Cz. 3 /
Pozostałe elementy strefy tytułu i oznaczenia odpowiedzialności Politechnika Świętokrzyska.
260 ## - STREFA ADRESU WYDAWNICZEGO
Miejsce wydania Kielce :
Nazwa wydawcy/dystrybutora Wydaw. PŚ,
Data publikacji, dystrybucji/powstania dokumentu 1997.
300 ## - STREFA OPISU FIZYCZNEGO
Objętość 330 s. :
Inne cechy fizyczne rys., wykr. ;
Rozmiary 24 cm.
490 1# - STREFA SERII I DOKUMENTU WIELOCZĘŚCIOWEGO - FORMA NIE DO WYSZUKIWANIA
Tytuł i oznaczenie odpowiedzialności serii Mechanika / Politechika Świętokrzyska,
ISSN 0239-4979
504 ## - UWAGA DOTYCZĄCA BIBLIOGRAFII
Informacje o bibliografii Bibliogr., rez., streszcz., summ. przy ref.
650 #9 - HASŁO PRZEDMIOTOWE W FORMIE NAZWY OGÓLNEJ LUB JEDNOSTKOWEJ
Nazwa ogólna lub geograficzna Maszyny
Określnik ogólny budowa i konstrukcje
655 ## - TERMIN INDEKSOWY - OKREŚLENIE RODZAJU/FORMY DOKUMENTU
Określenie rodzaju/formy dokumentu Materiały konferencyjne
830 #0 - HASŁO DODATKOWE SERII LUB DOKUMENTU WIELOCZĘŚCIOWEGO - TYTUŁ UJEDNOLICONY
Tytuł ujednolicony Mechanika (Politechika Świętokrzyska)
856 ## - LOKALIZACJA I DOSTĘP DO ELEKTRONICZNYCH DOKUMENTÓW ZDALNYCH
Link (URL) http://koha.tu.koszalin.pl/cgi-bin/koha/opac-detail.pl?biblionumber=31843
Tekst linku Katalog online BPK
942 ## - DODATKOWE ELEMENTY (KOHA)
Typ dokumentu Książka
Egzemplarze
Wycofany Status egzemplarza Uszkodzony Dostępność Lokalizacja stała Lokalizacja bieżąca Miejsce przechowywania Sygnatura Kod kreskowy Typ dokumentu
      Dostępny Biblioteka Politechniki Koszalińskiej Biblioteka Politechniki Koszalińskiej Wypożyczalnia BG 39418 01250282 Książka
© 2023 Biblioteka Politechniki Koszalińskiej :: KOHA